[Event "Bayerische EM 2023 - Allgemeine Gruppe"]
[Site "Rosenheim"]
[Date "2023.08.24"]
[Round "6.1"]
[White "Reimann, Sebastian"]
[Black "Goldbeck, Lars"]
[Result "1/2-1/2"]
[WhiteElo "2277"]
[BlackElo "2260"]
[PlyCount "34"]
[EventDate "2023.??.??"]
[WhiteTeam "SK Kriegshaber"]
[BlackTeam "SGem Aschheim/Feldkirchen/Kirchh"]

1. e4 c6 2. Nf3 d5 3. Nc3 Bg4 4. h3 Bxf3 5. gxf3 d4 6. Ne2 e6 7. c3 c5 8. d3
Ne7 9. h4 h5 10. f4 Nbc6 11. cxd4 cxd4 12. Ng3 g6 13. Bg2 Bh6 14. O-O Qb6 15.
f5 e5 16. fxg6 Nxg6 17. Nxh5 O-O-O 1/2-1/2

[Event "Bayerische EM 2023 - Allgemeine Gruppe"]
[Site "Rosenheim"]
[Date "2023.08.24"]
[Round "6.2"]
[White "Miller, Eduard"]
[Black "Schmid, Roland"]
[Result "1-0"]
[WhiteElo "2324"]
[BlackElo "2212"]
[PlyCount "115"]
[EventDate "2023.??.??"]
[WhiteTeam "SC Erlangen 48/88"]
[BlackTeam "SG Post/Süd Regensburg"]

1. d4 d5 2. Bf4 c5 3. e3 cxd4 4. exd4 Nc6 5. Nf3 Bg4 6. Nbd2 e6 7. h3 Bxf3 8.
Nxf3 Bd6 9. Bxd6 Qxd6 10. c3 Nf6 11. Bd3 O-O 12. O-O Rab8 13. Qe2 Rfc8 14. Ne5
g6 15. h4 Nh5 16. g3 Nxe5 17. dxe5 Qc5 18. Kh2 b5 19. a3 a6 20. f4 d4 21. cxd4
Qxd4 22. Rad1 Qc5 23. g4 Ng7 24. h5 Rd8 25. h6 Ne8 26. Be4 b4 27. a4 Nc7 28.
Kg3 Qa5 29. b3 Nd5 30. Bxd5 Rxd5 31. Rxd5 Qxd5 32. Qf3 Qc5 33. Rd1 Rc8 34. Qd3
Qf8 35. Qxa6 Rc3+ 36. Rd3 Qxh6 37. Rxc3 bxc3 38. Qc8+ Kg7 39. g5 Qh1 40. Qxc3
Qg1+ 41. Kf3 Qh1+ 42. Ke3 Qg1+ 43. Ke4 Qg2+ 44. Qf3 Qd2 45. Qd3 Qb4+ 46. Ke3
Qb6+ 47. Ke2 Qc5 48. Qc4 Qa3 49. Kd3 Qa1 50. Kc2 Qa2+ 51. Kc3 Qa3 52. Qd4 h5
53. gxh6+ Kxh6 54. Kc4 Kg7 55. Qe3 Qe7 56. b4 Qd7 57. b5 Qd1 58. Kb4 1-0

[Event "Bayerische EM 2023 - Allgemeine Gruppe"]
[Site "Rosenheim"]
[Date "2023.08.24"]
[Round "6.3"]
[White "Böhme, Sebastian"]
[Black "Schlichtmann, Robin"]
[Result "1/2-1/2"]
[WhiteElo "2215"]
[BlackElo "2277"]
[PlyCount "32"]
[EventDate "2023.??.??"]
[WhiteTeam "SC Uttenreuth e.V."]
[BlackTeam "SC Garching 1980 e.V."]

1. e4 e5 2. Nf3 Nc6 3. Nc3 Nf6 4. d4 exd4 5. Nxd4 Bb4 6. Nxc6 bxc6 7. Bd3 d5 8.
exd5 O-O 9. O-O Bg4 10. f3 Bh5 11. dxc6 Qd4+ 12. Kh1 Bxc3 13. bxc3 Qxc3 14. Rb1
Bg6 15. Bb5 Rab8 16. Rb3 Qxc2 1/2-1/2

[Event "Bayerische EM 2023 - Allgemeine Gruppe"]
[Site "Rosenheim"]
[Date "2023.08.24"]
[Round "6.4"]
[White "Maurer, Jochen"]
[Black "Lohvinov, Petro"]
[Result "0-1"]
[WhiteElo "2184"]
[BlackElo "2237"]
[PlyCount "48"]
[EventDate "2023.??.??"]
[WhiteTeam "SG Pang-Rosenheim 1910 e.V."]
[BlackTeam "SK München Südost e.V."]

1. e4 e5 2. Nf3 Nc6 3. Bc4 Nf6 4. d4 exd4 5. e5 d5 6. Bb5 Ne4 7. Nxd4 Bc5 8.
Be3 O-O 9. Nxc6 bxc6 10. Bxc5 Nxc5 11. Bxc6 Rb8 12. Qxd5 Qe7 13. O-O Ba6 14.
Re1 Rxb2 15. Nc3 Rxc2 16. Qd4 Nd3 17. Re3 Qa3 18. e6 Rxc3 19. e7 Rc1+ 20. Re1
Rxe1+ 21. Rxe1 Nxe1 22. Qe4 Nd3 23. h4 Qc1+ 24. Kh2 Qf4+ 0-1

[Event "Bayerische EM 2023 - Allgemeine Gruppe"]
[Site "Rosenheim"]
[Date "2023.08.24"]
[Round "6.5"]
[White "Schulz, Lukas"]
[Black "Willim, Michael"]
[Result "1-0"]
[WhiteElo "2347"]
[BlackElo "2119"]
[PlyCount "145"]
[EventDate "2023.??.??"]
[WhiteTeam "SC Erlangen 48/88"]
[BlackTeam "SC Erlangen 48/88"]

1. e4 c6 2. Nc3 d5 3. g3 dxe4 4. Nxe4 Bf5 5. d3 Nd7 6. Bg2 Ngf6 7. Qe2 e6 8.
Nf3 Be7 9. O-O O-O 10. b3 Qa5 11. Bb2 Ba3 12. Bxa3 Qxa3 13. Nfd2 Bg4 14. f3 Bh5
15. Nc4 Qe7 16. Qf2 Bg6 17. a4 Nxe4 18. dxe4 e5 19. Rad1 Rfd8 20. Rd2 Nc5 21.
Rfd1 Rxd2 22. Qxd2 f6 23. Qb4 b6 24. a5 Rd8 25. Rd2 b5 26. Rxd8+ Qxd8 27. Qxc5
bxc4 28. Qxc4+ Bf7 29. Qc3 g5 30. Kf2 Qd6 31. b4 h5 32. Bf1 Kg7 33. Be2 Be6 34.
Ke3 g4 35. Qd2 Qe7 36. Kd3 Kg6 37. c3 gxf3 38. Bxf3 Bg4 39. Bg2 c5 40. Kc2 cxb4
41. cxb4 Qe6 42. Qd5 Qa6 43. Qd3 Qc6+ 44. Kb2 Qa4 45. Qc3 Be6 46. Kc1 Bg4 47.
h3 Be6 48. Bf1 Qd7 49. h4 Bg4 50. Bd3 Qa4 51. Kb2 Bd7 52. Bc2 Qb5 53. Qc5 Qa6
54. Kc3 Bb5 55. Bb3 Be2 56. Bc4 Bxc4 57. Qxc4 Qd6 58. Qd5 Qc7+ 59. Qc5 Qb7 60.
b5 Qxe4 61. b6 axb6 62. axb6 Kh6 63. Qb4 Qc6+ 64. Kb3 Qd5+ 65. Qc4 Qd7 66. Kb4
Kg6 67. Qc2+ Kh6 68. Qc7 Qd2+ 69. Kb5 e4 70. b7 Qd5+ 71. Kb6 Qe6+ 72. Kc5 Qf5+
73. Kd6 1-0

[Event "Bayerische EM 2023 - Allgemeine Gruppe"]
[Site "Rosenheim"]
[Date "2023.08.24"]
[Round "6.7"]
[White "Kolb, Tobias"]
[Black "Lang, Zalan Andreas"]
[Result "1-0"]
[WhiteElo "2302"]
[BlackElo "2221"]
[PlyCount "79"]
[EventDate "2023.??.??"]
[WhiteTeam "SC 1868 Bamberg"]
[BlackTeam "SAbt TSV Haunstetten"]

1. d4 d5 2. c4 dxc4 3. Nf3 a6 4. e3 Nf6 5. Bxc4 e6 6. O-O c5 7. b3 cxd4 8. Nxd4
Be7 9. Bb2 O-O 10. Be2 Bd7 11. Nd2 Nc6 12. N4f3 b5 13. e4 Qb6 14. e5 Nd5 15. g3
Rfd8 16. Qb1 Rac8 17. Qe4 Be8 18. a3 Nb8 19. Rac1 Bc6 20. Qg4 Bb7 21. Rfd1 g6
22. b4 a5 23. bxa5 Qxa5 24. Nb3 Qb6 25. Bd4 Qa6 26. Nc5 h5 27. Qh3 Qxa3 28. Ra1
Bxc5 29. Rxa3 Bxa3 30. Ra1 b4 31. Ng5 Nc3 32. Bxh5 Kg7 33. Bxg6 Rh8 34. Qg4 Rc4
35. Nxe6+ fxe6 36. Bh5+ Kf8 37. Qf4+ Ke7 38. Qf7+ Kd8 39. Bb6+ Kc8 40. Qxe6+
1-0

[Event "Bayerische EM 2023 - Allgemeine Gruppe"]
[Site "Rosenheim"]
[Date "2023.08.24"]
[Round "6.8"]
[White "Albert, Markus"]
[Black "Böhme, Markus"]
[Result "0-1"]
[WhiteElo "2256"]
[BlackElo "2144"]
[PlyCount "40"]
[EventDate "2023.??.??"]
[WhiteTeam "SC Ansbach 1855 e.V."]
[BlackTeam "SC Uttenreuth e.V."]

1. e4 e5 2. Nc3 Nf6 3. Bc4 Nxe4 4. Qh5 Nd6 5. Bb3 Be7 6. Nf3 Nc6 7. Nxe5 g6 8.
Nxc6 bxc6 9. Qf3 O-O 10. O-O Nf5 11. Ne2 d5 12. d4 Ba6 13. Re1 Re8 14. c3 Nh4
15. Qg4 h5 16. Qh3 Bd6 17. Be3 Bc8 18. g4 Bxg4 19. Qf1 Nf3+ 20. Kh1 Nxh2 0-1

[Event "Bayerische EM 2023 - Allgemeine Gruppe"]
[Site "Rosenheim"]
[Date "2023.08.24"]
[Round "6.9"]
[White "Fuchs, Florian"]
[Black "Schatz, Christian"]
[Result "1/2-1/2"]
[WhiteElo "2096"]
[BlackElo "2153"]
[PlyCount "70"]
[EventDate "2023.??.??"]
[WhiteTeam "DJK SF Haselbach"]
[BlackTeam "SC Postbauer-Heng e.V"]

1. e4 Nf6 2. e5 Nd5 3. c4 Nb6 4. d4 d6 5. f4 dxe5 6. fxe5 Nc6 7. Be3 Bf5 8. Nc3
e6 9. Nf3 Bg4 10. Be2 Bxf3 11. gxf3 Qh4+ 12. Bf2 Qf4 13. c5 Nd5 14. Nxd5 exd5
15. Qd2 Qxd2+ 16. Kxd2 g6 17. b4 Bh6+ 18. Kc3 a6 19. a4 Kd7 20. h4 Nd8 21. b5
axb5 22. axb5 Ne6 23. Rhb1 Bf4 24. Bf1 h5 25. Bh3 Rhg8 26. b6 Rxa1 27. Rxa1
cxb6 28. cxb6 Kc6 29. Rb1 Ra8 30. Rb2 Ra3+ 31. Kb4 Ra1 32. Rc2+ Kxb6 33. Rc8
Ra2 34. Bxe6 fxe6 35. Be1 Rb2+ 1/2-1/2

[Event "Bayerische EM 2023 - Allgemeine Gruppe"]
[Site "Rosenheim"]
[Date "2023.08.24"]
[Round "6.10"]
[White "Stöttner, Lukas"]
[Black "Uebele, Peter"]
[Result "1/2-1/2"]
[WhiteElo "2066"]
[BlackElo "2168"]
[PlyCount "30"]
[EventDate "2023.??.??"]
[WhiteTeam "SK Landau-Dingolfing"]
[BlackTeam "SC Waldkraiburg"]

1. Nf3 d5 2. g3 Nf6 3. Bg2 c5 4. O-O Nc6 5. d3 Bg4 6. Nbd2 e6 7. h3 Bh5 8. c4
Be7 9. Re1 Qc7 10. cxd5 exd5 11. d4 Qb6 12. dxc5 Bxc5 13. e3 O-O 14. g4 Bg6 15.
Nb3 Bb4 1/2-1/2

[Event "Bayerische EM 2023 - Allgemeine Gruppe"]
[Site "Rosenheim"]
[Date "2023.08.24"]
[Round "6.12"]
[White "Becker, Tobias"]
[Black "Kerkhoff, Jan"]
[Result "0-1"]
[WhiteElo "2111"]
[BlackElo "1940"]
[PlyCount "88"]
[EventDate "2023.??.??"]
[WhiteTeam "Kronacher SK 1882 e.V."]
[BlackTeam "SC Unterhaching e.V."]

1. e4 e5 2. Nf3 Nc6 3. Bc4 Bc5 4. c3 d6 5. O-O Bg4 6. d3 Nf6 7. Nbd2 O-O 8. h3
Be6 9. Bxe6 fxe6 10. b4 Bb6 11. a4 a6 12. Re1 Qe8 13. Nf1 Nh5 14. Be3 Bxe3 15.
Rxe3 Qg6 16. g3 Rf7 17. b5 Nb8 18. Kh2 Nd7 19. N1d2 a5 20. Qb3 Nc5 21. Qc4 Raf8
22. Rae1 Nf6 23. Qa2 Kh8 24. Kg2 Nh5 25. d4 Nd7 26. Kh2 exd4 27. cxd4 e5 28. d5
Nc5 29. Qc4 Nf6 30. Kg2 Nh5 31. Ra3 Nf4+ 32. Kh2 Nh5 33. Ree3 Rf6 34. Qc2 R6f7
35. Rac3 b6 36. Kg2 Nf6 37. Nh4 Qh5 38. f3 Qg5 39. Kh2 Nh5 40. Nf1 Nxg3 41.
Nxg3 Qxh4 42. Kg2 Rf6 43. Nh1 Rg6+ 44. Kh2 Qf4+ 0-1

[Event "Bayerische EM 2023 - Allgemeine Gruppe"]
[Site "Rosenheim"]
[Date "2023.08.24"]
[Round "6.13"]
[White "Krämer, Max"]
[Black "Arnhold, Steffi"]
[Result "0-1"]
[WhiteElo "2044"]
[BlackElo "2110"]
[PlyCount "52"]
[EventDate "2023.??.??"]
[WhiteTeam "SK Caissa Augsburg"]
[BlackTeam "SC Bavaria Regensburg von 1881 e"]

1. c4 e5 2. Nc3 Nf6 3. g3 d5 4. cxd5 Nxd5 5. Bg2 Nb6 6. Nf3 Nc6 7. a3 Be7 8.
O-O O-O 9. d3 Re8 10. b4 Bf8 11. Bb2 a5 12. b5 Nd4 13. Nd2 a4 14. e3 Ne6 15.
Nf3 Nc5 16. Ne1 Ra5 17. Rb1 Bf5 18. e4 Bd7 19. f4 exf4 20. gxf4 Bxb5 21. Nxb5
Rxb5 22. Kh1 Nc4 23. Rf2 Nxb2 24. Rfxb2 Rxb2 25. Rxb2 Nxe4 26. Qxa4 Nc3 0-1

[Event "Bayerische EM 2023 - Allgemeine Gruppe"]
[Site "Rosenheim"]
[Date "2023.08.24"]
[Round "6.14"]
[White "Kessler, Jan"]
[Black "Stichter, Constantin Paul"]
[Result "1/2-1/2"]
[WhiteElo "2094"]
[BlackElo "1921"]
[PlyCount "156"]
[EventDate "2023.??.??"]
[WhiteTeam "SC Unterhaching e.V."]
[BlackTeam "SG Traunstein/Traunreut e.V."]

1. e4 e6 2. d4 d5 3. exd5 exd5 4. Nf3 Bd6 5. c4 dxc4 6. Bxc4 Nf6 7. O-O O-O 8.
Bg5 Bg4 9. Nbd2 Nbd7 10. Re1 c6 11. Qc2 Qa5 12. Bd3 Qc7 13. Ne4 Nxe4 14. Bxe4
h6 15. Bd2 Bxf3 16. Bxf3 Bxh2+ 17. Kh1 Bf4 18. Re7 Bxd2 19. Qxd2 Rae8 20. Rae1
Rxe7 21. Rxe7 Qd6 22. Re3 Nb6 23. Rb3 Qf6 24. Qb4 g5 25. Kg1 Re8 26. Ra3 Qf4
27. g3 Qf5 28. Qc5 Qg6 29. g4 Qf6 30. Kg2 Nc8 31. Rb3 Qe7 32. Qa5 Qd7 33. Qb4
b6 34. Qc4 Ne7 35. Re3 Rc8 36. Qd3 Ng6 37. Qe4 Qd6 38. Kg1 c5 39. d5 Rd8 40.
Ra3 Kf8 41. Kf1 Re8 42. Qd3 Re7 43. Qf5 Kg7 44. Re3 Nh4 45. Qd3 Rxe3 46. Qxe3
Qf6 47. Be4 Kf8 48. Qd3 Qd6 49. b3 Ke7 50. Qa6 Qd7 51. f3 Qc7 52. a4 Kd6 53.
Qe2 Ke7 54. Qa6 h5 55. gxh5 f5 56. Qd3 Qe5 57. d6+ Qxd6 58. Bxf5 Qxd3+ 59. Bxd3
Nxf3 60. Kf2 Ne5 61. Be2 Kf6 62. Ke3 Kf5 63. h6 Kg6 64. Ke4 Nc6 65. Kd5 Nd4 66.
Bd1 Kxh6 67. b4 g4 68. Bxg4 Nc2 69. bxc5 bxc5 70. Kxc5 Kg5 71. Bd1 Ne3 72. Bb3
Kf6 73. Kd6 Nf5+ 74. Kc7 Ke7 75. a5 Nd6 76. Ba2 Nb5+ 77. Kb7 Nd4 78. a6 Nc2
1/2-1/2

[Event "Bayerische EM 2023 - Allgemeine Gruppe"]
[Site "Rosenheim"]
[Date "2023.08.24"]
[Round "6.15"]
[White "Bratu, Mircea"]
[Black "Kamenskyi, Dmytro"]
[Result "0-1"]
[WhiteElo "1891"]
[BlackElo "2030"]
[PlyCount "92"]
[EventDate "2023.??.??"]
[WhiteTeam "SG Schwabing München Nord e.V."]
[BlackTeam "SK Kriegshaber"]

1. d4 e6 2. c4 Nf6 3. g3 Bb4+ 4. Bd2 Qe7 5. Nf3 Nc6 6. Bg2 Bxd2+ 7. Nbxd2 d6 8.
O-O a5 9. Nb1 e5 10. Nc3 O-O 11. e3 Rd8 12. Re1 h6 13. h3 Nb8 14. Qc2 c6 15. a3
Na6 16. Nd2 Be6 17. Rab1 Qd7 18. g4 Rac8 19. f4 b5 20. Qd3 b4 21. Ne2 Qa7 22.
Kh2 exf4 23. exf4 d5 24. c5 Rb8 25. f5 Bc8 26. Nf3 Qc7+ 27. Ne5 Nxc5 28. dxc5
Qxe5+ 29. Ng3 Qc7 30. Qd4 Ba6 31. h4 bxa3 32. bxa3 Rxb1 33. Rxb1 Rb8 34. Rxb8+
Qxb8 35. Bf3 Qb3 36. g5 Qxf3 37. gxf6 Bf1 38. Qg1 Bd3 39. fxg7 Bxf5 40. Nxf5
Qxf5 41. Qe3 Qf6 42. Qg3 Qb2+ 43. Kh3 Qxg7 44. Qd6 Qc3+ 45. Kg2 Qc2+ 46. Kf1
Qf5+ 0-1

[Event "Bayerische EM 2023 - Allgemeine Gruppe"]
[Site "Rosenheim"]
[Date "2023.08.24"]
[Round "6.16"]
[White "Dietlmeier, Tobias"]
[Black "Kaiser, Richard"]
[Result "1-0"]
[WhiteElo "1885"]
[BlackElo "2053"]
[PlyCount "87"]
[EventDate "2023.??.??"]
[WhiteTeam "TV Tegernsee"]
[BlackTeam "SK Passau 1869"]

1. d4 g6 2. e4 Bg7 3. Nc3 c6 4. f4 d5 5. e5 h5 6. Nf3 Nh6 7. Bd3 Bg4 8. h3 Bf5
9. Rg1 Qc8 10. Nh4 Bxd3 11. Qxd3 Nf5 12. Nxf5 Qxf5 13. Qxf5 gxf5 14. Be3 Na6
15. Kd2 e6 16. g4 hxg4 17. hxg4 fxg4 18. Rxg4 Rh2+ 19. Ne2 Bf8 20. Rag1 O-O-O
21. R4g2 Rxg2 22. Rxg2 b6 23. c3 c5 24. a3 c4 25. f5 Nc7 26. f6 b5 27. Rh2 a5
28. Rh7 Rd7 29. Nf4 b4 30. a4 bxc3+ 31. bxc3 Kb7 32. Nh3 Kc6 33. Ng5 Na8 34.
Rh8 Rd8 35. Nxf7 Rb8 36. Kc2 Nb6 37. Bh6 Nd7 38. Bg7 Ba3 39. Nd8+ Kb6 40. Nxe6
Rxh8 41. Bxh8 Kc6 42. Bg7 Nb6 43. f7 Nxa4 44. Nc5 1-0

[Event "Bayerische EM 2023 - Allgemeine Gruppe"]
[Site "Rosenheim"]
[Date "2023.08.24"]
[Round "6.17"]
[White "Sesselmann, Christoph"]
[Black "Mazatis, Benjamin"]
[Result "1-0"]
[WhiteElo "2020"]
[BlackElo "1731"]
[PlyCount "59"]
[EventDate "2023.??.??"]
[WhiteTeam "SK 1907 Kulmbach"]
[BlackTeam "SK Bruckmühl e.V."]

1. e4 e5 2. d4 exd4 3. c3 Nf6 4. e5 Nd5 5. cxd4 Nc6 6. Nf3 d6 7. Bc4 Nb6 8. Bb3
dxe5 9. Ng5 Bb4+ 10. Nc3 Be6 11. Bxe6 fxe6 12. Nxe6 Qd7 13. d5 Rc8 14. O-O Bxc3
15. bxc3 Nxd5 16. Nxg7+ Qxg7 17. Qxd5 Rd8 18. Qe6+ Qe7 19. Qb3 b6 20. Ba3 Qf7
21. Qa4 Qg6 22. Rae1 Kf7 23. f4 Rd2 24. fxe5+ Kg7 25. g3 Qh5 26. h4 Qg6 27. Qf4
Rhd8 28. Bf8+ Kg8 29. Bh6 Rc2 30. Qf8+ 1-0

[Event "Bayerische EM 2023 - Allgemeine Gruppe"]
[Site "Rosenheim"]
[Date "2023.08.24"]
[Round "6.18"]
[White "Gold, Florian"]
[Black "Brunner, Tobias"]
[Result "1/2-1/2"]
[WhiteElo "1851"]
[BlackElo "1999"]
[PlyCount "37"]
[EventDate "2023.??.??"]
[WhiteTeam "SK Kelheim 1920"]
[BlackTeam "SC Windischeschenbach"]

1. d4 Nf6 2. c4 e6 3. Nc3 d5 4. cxd5 exd5 5. Bg5 Be7 6. e3 O-O 7. Bd3 c6 8.
Nge2 Re8 9. O-O Nbd7 10. f3 Nf8 11. Qc2 Ng6 12. Rad1 b6 13. h3 Nh5 14. Bxg6
hxg6 15. Bxe7 Qxe7 16. e4 Ba6 17. e5 g5 18. Rfe1 g6 19. Qa4 1/2-1/2

[Event "Bayerische EM 2023 - Allgemeine Gruppe"]
[Site "Rosenheim"]
[Date "2023.08.24"]
[Round "6.19"]
[White "Steinhauer, Artur"]
[Black "Fuchs, Michael"]
[Result "0-1"]
[WhiteElo "1953"]
[BlackElo "1988"]
[PlyCount "68"]
[EventDate "2023.??.??"]
[WhiteTeam "SC Bavaria Regensburg von 1881 e"]
[BlackTeam "DJK SF Haselbach"]

1. e4 e5 2. Nf3 Nc6 3. Bb5 a6 4. Bxc6 dxc6 5. O-O Bd6 6. d4 exd4 7. Qxd4 f6 8.
Be3 Ne7 9. Nbd2 Be6 10. Nc4 Bxh2+ 11. Kxh2 Qxd4 12. Nxd4 Bxc4 13. Rfe1 O-O-O
14. Rad1 c5 15. Nb3 b6 16. Nd2 Bf7 17. a3 Nc6 18. c3 Ne5 19. Nf1 Bb3 20. Rd2
Bc4 21. Kg3 Bxf1 22. Rxd8+ Rxd8 23. Rxf1 Nc4 24. Bc1 a5 25. Rh1 h6 26. f3 Kd7
27. Kf2 a4 28. Ke2 Ke6 29. Rh3 Rd7 30. Rh4 Kf7 31. e5 Nxe5 32. Rxa4 Nd3 33. Be3
Nxb2 34. Ra7 Re7 0-1

[Event "Bayerische EM 2023 - Allgemeine Gruppe"]
[Site "Rosenheim"]
[Date "2023.08.24"]
[Round "6.20"]
[White "Bunk, Wolfgang"]
[Black "Mönius, Alexander"]
[Result "1/2-1/2"]
[WhiteElo "1983"]
[BlackElo "1909"]
[PlyCount "56"]
[EventDate "2023.??.??"]
[WhiteTeam "SC Bavaria Regensburg von 1881 e"]
[BlackTeam "SC Höchstadt/Aisch"]

1. d4 d5 2. Nf3 e6 3. Bf4 Nf6 4. e3 c5 5. Nbd2 Bd6 6. Bb5+ Nc6 7. Ne5 Qc7 8. c3
O-O 9. Ndf3 Nd7 10. Bd3 Ncxe5 11. dxe5 Bxe5 12. Nxe5 Nxe5 13. Bxh7+ Kxh7 14.
Qh5+ Kg8 15. Bxe5 Qe7 16. O-O f6 17. Bg3 b6 18. Rfd1 Qf7 19. Qe2 Bb7 20. a4 a6
21. Qc2 e5 22. Rab1 Rfd8 23. b4 c4 24. a5 b5 25. Qe2 Qg6 26. Rb2 Rf8 27. Rbd2
Rae8 28. Rf1 e4 1/2-1/2

[Event "Bayerische EM 2023 - Allgemeine Gruppe"]
[Site "Rosenheim"]
[Date "2023.08.24"]
[Round "6.21"]
[White "Ziemann, Ulrich"]
[Black "Biedenkopf, Philipp"]
[Result "1-0"]
[WhiteElo "1921"]
[BlackElo "1978"]
[PlyCount "61"]
[EventDate "2023.??.??"]
[WhiteTeam "SC Bad Kötzting e.V."]
[BlackTeam "SK Passau 1869"]

1. d4 Nf6 2. Nf3 d5 3. g3 e6 4. Bg2 Be7 5. O-O O-O 6. c4 dxc4 7. Qc2 a6 8. Qxc4
b5 9. Qc2 Bb7 10. b3 Nbd7 11. Bb2 c5 12. e3 Rc8 13. Qe2 c4 14. bxc4 Rxc4 15.
Nc3 Qa5 16. a4 Rxc3 17. axb5 Qc7 18. Bxc3 Qxc3 19. bxa6 Ba8 20. Rfc1 Qb4 21.
Rab1 Qa5 22. Qb5 Qxb5 23. Rxb5 g6 24. a7 Kg7 25. Ne5 Bd6 26. Nxd7 Nxd7 27. Rc6
Ba3 28. Rc7 Bxg2 29. Kxg2 Nf6 30. Rb8 Nd5 31. Rc6 1-0

[Event "Bayerische EM 2023 - Allgemeine Gruppe"]
[Site "Rosenheim"]
[Date "2023.08.24"]
[Round "6.22"]
[White "Sesselmann, Moritz"]
[Black "Huber, Benedikt"]
[Result "0-1"]
[WhiteElo "1697"]
[BlackElo "1971"]
[PlyCount "70"]
[EventDate "2023.??.??"]
[WhiteTeam "SK 1907 Kulmbach"]
[BlackTeam "SK Kelheim 1920"]

1. c4 Nf6 2. g3 c6 3. Bg2 d5 4. Nf3 Bf5 5. O-O e6 6. b3 Be7 7. Nh4 Be4 8. d3
Bxg2 9. Nxg2 O-O 10. Bb2 a5 11. e3 a4 12. Nd2 Na6 13. Nf3 Re8 14. Qe2 Qc7 15.
Ne5 axb3 16. axb3 Nc5 17. Qc2 Qb6 18. Rxa8 Rxa8 19. Rb1 Qxb3 20. Qxb3 Nxb3 21.
Bc3 dxc4 22. dxc4 Nc5 23. Nf4 Nfe4 24. Bb4 f6 25. Bxc5 Nxc5 26. Ned3 Nxd3 27.
Nxd3 Ra7 28. Kg2 Kf7 29. Rb3 Ke8 30. f4 Kd7 31. Kf3 Kc7 32. c5 Ra2 33. Rc3 Rxh2
34. Nf2 Rh5 35. e4 Rxc5 0-1

[Event "Bayerische EM 2023 - Allgemeine Gruppe"]
[Site "Rosenheim"]
[Date "2023.08.24"]
[Round "6.23"]
[White "Luhn, Robert"]
[Black "Paar, Johannes"]
[Result "1-0"]
[WhiteElo "1977"]
[BlackElo "1953"]
[PlyCount "79"]
[EventDate "2023.??.??"]
[WhiteTeam "SK Caissa Augsburg"]
[BlackTeam "SK Schwandorf"]

1. d4 Nf6 2. Nf3 e6 3. c4 b6 4. Nc3 Bb4 5. Bg5 h6 6. Bh4 g5 7. Bg3 Ne4 8. Qc2
Bb7 9. e3 d6 10. Bd3 f5 11. Qa4+ Nc6 12. d5 Bxc3+ 13. bxc3 Nc5 14. Qc2 Na5 15.
O-O Qf6 16. Nd4 O-O-O 17. Nxe6 Nxe6 18. Bxf5 Kb8 19. Bxe6 Ba6 20. Rfd1 h5 21.
h3 Bc8 22. Bxc8 Kxc8 23. c5 dxc5 24. e4 h4 25. e5 Qf8 26. Bh2 g4 27. Qe4 Kb8
28. d6 cxd6 29. exd6 Nb7 30. Qxg4 Qf6 31. d7+ Ka8 32. Bc7 Rdg8 33. Qe4 Qxc3 34.
Rac1 Qf6 35. Rd6 Qg5 36. f4 Qxg2+ 37. Qxg2 Rxg2+ 38. Kxg2 Nxd6 39. d8=Q+ Rxd8
40. Bxd8 1-0